| 000 | 00620nam a2200205Ia 4500 | ||
|---|---|---|---|
| 003 | GCL | ||
| 008 | 140319s9999 xx 000 0 ara d | ||
| 040 |
_aGCL / _cGCL |
||
| 082 | 0 | 4 |
_a928 _bر ع |
| 100 | 1 | _aدرينى خشبة | |
| 245 | 1 | 0 |
_aعمالقة الادب / _cدرينى خشبة |
| 700 | 1 | _aراسكو، برتون | |
| 700 | 1 | _aاحمد قاسم جودة | |
| 260 |
_aالقاهرة : _bمؤسسة روزاليوسف ، _c1961 |
||
| 300 |
_a434 ص ؛ _c20 سم |
||
| 490 |
_aالالف كتاب _v0 |
||
| 650 | 0 | 4 | _aالادب |
| 650 | 0 | 4 | _aالادب العالمى المترجم |
| 942 |
_2ddc _cBK |
||
| 999 |
_c40787 _d40787 |
||